11 Supernovae One piece - Statistiques

Statistiques générales
  • Ce quiz a été pris 2 190 fois
  • Le résultat moyen est 10 sur 11
Statistiques - réponses
Noms % Correct
Monkey D.Luffy
99%
Trafalgar D.Water Law
98%
Eustass Kid
97%
Roronoa Zoro
94%
Urouge
88%
Basil Hawkins
87%
Jewelry Bonney
87%
Capone Bege
86%
Killer
86%
X. Drake
86%
Scratchmen Apoo
81%
Aucun quiz correspondant
Distribution des résultats
% des personnes avec chaque résultat
Percentile par nombre de réponses
Votre historique - résultats
Vous n’avez pas pris ce quiz